Экспорт завершен — 

Tobacco: world markets and trade. l997: Leaf exports for selected countries

Сохранить в:
Библиографические подробности
Формат:
Язык:Undetermined
Опубликовано: USA United States Department of agriculture 1997
Предметы:
Метки: Добавить метку
Нет меток, Требуется 1-ая метка записи!
Thư viện lưu trữ: Trung tâm Học liệu Trường Đại học Cần Thơ
LEADER 00472nam a2200157Ia 4500
001 CTU_38749
008 210402s9999 xx 000 0 und d
082 |a 633.71 
082 |b T628 
245 0 |a Tobacco: world markets and trade. l997: Leaf exports for selected countries 
260 |a USA 
260 |b United States Department of agriculture 
260 |c 1997 
650 |a tobacco 
904 |i Liên, 990906 
980 |a Trung tâm Học liệu Trường Đại học Cần Thơ